[Event "HUN-chT4 2223"]
[Site "Gyor"]
[Date "2023.03.19"]
[Round "6"]
[White "Pozsgai, Peter"]
[Black "Kadi, Richard"]
[Result "0-1"]
[WhiteElo "1383"]
[BlackElo "1809"]
[PlyCount "94"]
[EventDate "2022.10.09"]
[EventType "team-tourn"]
[EventRounds "7"]
[EventCountry "HUN"]
[SourceTitle "EXT 2024"]
[Source "ChessBase"]
[SourceDate "2023.10.10"]
[SourceVersion "1"]
[SourceVersionDate "2023.10.10"]
[SourceQuality "1"]
[WhiteTeam "Gyor Bastya"]
[BlackTeam "Gyor Szechenyi II"]
[WhiteTeamCountry "HUN"]
[BlackTeamCountry "HUN"]

1. e4 g6 2. d4 d6 3. Nf3 Bg7 4. Be3 c5 5. Be2 Nc6 6. c3 cxd4 7. cxd4 Bd7 8. Nc3 a6 9. Qd2 Nf6 10. h3 0-0 11. Bh6 Qb6 12. Bxg7 Kxg7 13. a3 Rac8 14. e5 Ne8 15. Nd5 Qd8 16. Rc1 e6 17. Nc3 Na5 18. Qd1 d5 19. h4 Nc4 20. Bxc4 Rxc4 21. Qd2 h6 22. g4 f6 23. g5 fxg5 24. Qe3 g4 25. Nd2 Rc8 26. h5 Rf5 27. hxg6 Qg5 28. Ke2 Qxe3+ 29. Kxe3 Kxg6 30. Rcg1 Rg5 31. f3 h5 32. f4 Rf5 33. Nf3 Rf7 34. Rg2 Ng7 35. Rhg1 Nf5+ 36. Kd3 Kh6 37. Ng5 Rg7 38. Rh1 Rc4 39. Ne2 Bb5 40. Kd2 Rxg5 41. fxg5+ Kxg5 42. Rc1 h4 43. Rxc4 Bxc4 44. Ng1 Nxd4 45. Nh3+ Kf5 46. Nf2 Nf3+ 47. Ke3 d4# 0-1

[Event "HUN-chT4 2223"]
[Site "Gyor"]
[Date "2023.02.26"]
[Round "5"]
[White "Pozsgai, Peter"]
[Black "Sary, Gabor"]
[Result "1-0"]
[WhiteElo "1383"]
[BlackElo "1450"]
[PlyCount "73"]
[EventDate "2022.10.09"]
[EventType "team-tourn"]
[EventRounds "7"]
[EventCountry "HUN"]
[SourceTitle "EXT 2024"]
[Source "ChessBase"]
[SourceDate "2023.10.10"]
[SourceVersion "1"]
[SourceVersionDate "2023.10.10"]
[SourceQuality "1"]
[WhiteTeam "Gyor Bastya"]
[BlackTeam "Feher Lo Semmovar"]
[WhiteTeamCountry "HUN"]
[BlackTeamCountry "HUN"]

1. d4 Nf6 2. Nc3 d5 3. Bf4 a6 4. e3 Bg4 5. f3 Bh5 6. g4 Bg6 7. h4 h6 8. h5 Bh7 9. Bd3 e6 10. Bxh7 Nxh7 11. Qd3 c5 12. dxc5 Bxc5 13. 0-0-0 Nc6 14. Nge2 b5 15. e4 d4 16. Nb1 Rc8 17. c3 e5 18. Bg3 0-0 19. f4 Bd6 20. fxe5 Nb4 21. Qxd4 Nxa2+ 22. Kd2 Bc5 23. Qd5 Qg5+ 24. Ke1 Qxg4 25. Qxa2 Ng5 26. Nd2 Rfd8 27. Rh4 Nf3+ 28. Nxf3 Qxf3 29. Rd5 Be7 30. Rf4 Qxh5 31. e6 Qh1+ 32. Rf1 Qxe4 33. exf7+ Kf8 34. Re5 Qd3 35. Qe6 Bc5 36. Qe8+ Rxe8 37. fxe8Q# 1-0

[Event "HUN-chT4a 1819"]
[Site "Hungary"]
[Date "2019.02.09"]
[Round "7.5"]
[White "Pozsgai, Peter"]
[Black "Csontos, Aron"]
[Result "1-0"]
[WhiteElo "1327"]
[BlackElo "1193"]
[PlyCount "29"]
[EventDate "2018.10.06"]
[EventType "team-tourn"]
[EventRounds "9"]
[EventCountry "HUN"]
[SourceTitle "EXT 2020"]
[Source "ChessBase"]
[SourceDate "2019.10.17"]
[SourceVersion "1"]
[SourceVersionDate "2019.10.17"]
[SourceQuality "1"]
[WhiteTeam "Gyor Bastya"]
[BlackTeam "Gyor Szimultan"]
[WhiteTeamCountry "HUN"]
[BlackTeamCountry "HUN"]

1. e4 e5 2. Nf3 Nc6 3. Bc4 Bc5 4. b4 Bxb4 5. c3 Bc5 6. d4 exd4 7. 0-0 dxc3 8. Bxf7+ Kf8 9. Nxc3 Bxf2+ 10. Rxf2 Kxf7 11. Ne5+ Ke8 12. Nf7 Qe7 13. Nd5 Qxe4 14. Nxc7+ Ke7 15. Qd6# 1-0

[Event "HUN-chT4a 1819"]
[Site "Hungary"]
[Date "2019.02.09"]
[Round "8.1"]
[White "Pozsgai, Peter"]
[Black "Szekeres, Szilvia"]
[Result "1-0"]
[WhiteElo "1327"]
[BlackElo "1293"]
[PlyCount "71"]
[EventDate "2018.10.06"]
[EventType "team-tourn"]
[EventRounds "9"]
[EventCountry "HUN"]
[SourceTitle "EXT 2020"]
[Source "ChessBase"]
[SourceDate "2019.10.17"]
[SourceVersion "1"]
[SourceVersionDate "2019.10.17"]
[SourceQuality "1"]
[WhiteTeam "Gyor Bastya"]
[BlackTeam "KSE Level II"]
[WhiteTeamCountry "HUN"]
[BlackTeamCountry "HUN"]

1. e4 e5 2. Nf3 Nc6 3. Bc4 Be7 4. c3 Nf6 5. d4 d6 6. d5 Nb8 7. Qe2 Bg4 8. Nbd2 0-0 9. Nf1 Nbd7 10. Ng3 h6 11. Be3 c6 12. h3 Bxf3 13. gxf3 Nh7 14. Nf5 Bg5 15. Rg1 Qf6 16. h4 Bxe3 17. Rxg7+ Kh8 18. Qxe3 Rg8 19. Rxg8+ Rxg8 20. 0-0-0 c5 21. Nxh6 Rg2 22. Nf5 a6 23. Rh1 Qg6 24. Kc2 Ndf6 25. Nxd6 b5 26. Bf1 Rg1 27. Nxf7+ Kg7 28. Nxe5 Nxd5 29. Qxc5 Ne3+ 30. Qxe3 Qh5 31. Rxg1+ Kf6 32. Ng4+ Ke7 33. Qa7+ Kf8 34. Be2 Qxh4 35. Ne5 Qf6 36. Nd7+ 1-0